| 000 | 01769nam a2200457 c 4500 | ||
|---|---|---|---|
| 001 | 14666 | ||
| 003 | ES-MaCES | ||
| 005 | 20141221122325.0 | ||
| 008 | 030228s2003 sp l 100 | spa d | ||
| 017 |
_aM 971-2003 _bDL |
||
| 020 | _a849768012X | ||
| 035 | _aCES20030002013m | ||
| 040 |
_aES-MaCES _bspa _cES-MaCES |
||
| 100 | 1 |
_aMoreno Navarrete, Miguel Ángel _919127 |
|
| 245 | 1 | 4 |
_aLas reformas laborales del nuevo milenio _cEduardo Rojo Torrecilla (coord.) ; [Manuel Díaz de Rábago Villar ... et al.] |
| 260 |
_aMadrid _bBarcelona _cMarcial Pons _e2003 |
||
| 300 |
_a341 p. _c24 cm |
||
| 490 | 1 | _aMonografías jurídicas | |
| 500 | _aRecoge las ponencias presentadas en las XIII Jornadas Catalanas de Derecho Social, organizadas por la Asociación Catalana de Iuslaboralistas, en feb. de 2002 en Girona | ||
| 541 | _cCompra | ||
| 650 | 4 |
_amercado de trabajo _928292 |
|
| 650 | 4 |
_areforma legislativa _929892 |
|
| 650 | 4 |
_acontrata _929009 |
|
| 650 | 4 |
_asubcontratación _928256 |
|
| 650 | 4 |
_atransmisión de la empresa _930833 |
|
| 650 | 4 |
_acontratación _928323 |
|
| 650 | 4 |
_afomento del empleo _930270 |
|
| 650 | 4 |
_anegociación colectiva _928362 |
|
| 650 | 4 |
_aderecho del trabajo _927165 |
|
| 650 | 4 |
_aEspaña _926964 |
|
| 650 | 4 |
_aconferencia _927013 |
|
| 653 | 1 | 0 | _aDerecho del trabajo y Seguridad Social |
| 700 | 1 |
_aDíaz de Rábago Villar, Manuel _910679 |
|
| 700 | 1 |
_aRojo Torrecilla, Eduardo _ecol. _922524 |
|
| 710 | 2 |
_aAsociación Catalana de Iuslaboralistas _ecol. _91389 |
|
| 711 | 2 |
_aJornadas Catalanas de Derecho Social _n13ª _d2002 _cGirona _9770 |
|
| 830 | 0 |
_aMonografías jurídicas (Marcial Pons (Firma)) _932181 |
|
| 902 | _aLIB Libro | ||
| 942 |
_2CES _cBK _h6.0.1. |
||
| 999 |
_c14666 _d14666 |
||